<?xml version="1.0" encoding="UTF-8"?>
<record
    xmlns:xsi="http://www.w3.org/2001/XMLSchema-instance"
    xsi:schemaLocation="http://www.loc.gov/MARC21/slim http://www.loc.gov/standards/marcxml/schema/MARC21slim.xsd"
    xmlns="http://www.loc.gov/MARC21/slim">

  <leader>00592nam a22001697a 4500</leader>
  <datafield tag="020" ind1=" " ind2=" ">
    <subfield code="a">9789695570265</subfield>
  </datafield>
  <datafield tag="082" ind1=" " ind2=" ">
    <subfield code="a">340.5901 NYA</subfield>
  </datafield>
  <datafield tag="100" ind1=" " ind2=" ">
    <subfield code="a">Nyazee, Imran Ahsan Khan</subfield>
  </datafield>
  <datafield tag="245" ind1=" " ind2=" ">
    <subfield code="a">Theories of Islamic Law:</subfield>
    <subfield code="b">The Methodology of Ijtihad /</subfield>
    <subfield code="c">Imran Ahsan Khan Nyazee</subfield>
  </datafield>
  <datafield tag="260" ind1=" " ind2=" ">
    <subfield code="a">Rawalpindi :</subfield>
    <subfield code="b">Federal Law House,</subfield>
    <subfield code="c">2007.</subfield>
  </datafield>
  <datafield tag="300" ind1=" " ind2=" ">
    <subfield code="a">427 p. ;</subfield>
    <subfield code="c">21 cm.</subfield>
  </datafield>
  <datafield tag="650" ind1=" " ind2=" ">
    <subfield code="a">NLS2024, NLSETEXTBOOK, NLSEBOOKBANK, ISLAMIC JURISPRUDENCE</subfield>
    <subfield code="9">126924</subfield>
  </datafield>
  <datafield tag="856" ind1=" " ind2=" ">
    <subfield code="u">http://10.250.8.41:8080/xmlui/handle/123456789/47943</subfield>
  </datafield>
  <datafield tag="942" ind1=" " ind2=" ">
    <subfield code="2">ddc</subfield>
    <subfield code="c">BK</subfield>
  </datafield>
  <datafield tag="999" ind1=" " ind2=" ">
    <subfield code="c">586931</subfield>
    <subfield code="d">586931</subfield>
  </datafield>
  <datafield tag="952" ind1=" " ind2=" ">
    <subfield code="0">0</subfield>
    <subfield code="1">0</subfield>
    <subfield code="2">ddc</subfield>
    <subfield code="4">0</subfield>
    <subfield code="6">340_590100000000000_NYA</subfield>
    <subfield code="7">0</subfield>
    <subfield code="9">575122</subfield>
    <subfield code="a">NLS</subfield>
    <subfield code="b">NLS</subfield>
    <subfield code="c">LAW</subfield>
    <subfield code="d">2021-12-01</subfield>
    <subfield code="e">Pakistan Law House</subfield>
    <subfield code="l">3</subfield>
    <subfield code="m">3</subfield>
    <subfield code="o">340.5901 NYA</subfield>
    <subfield code="p">CL-896</subfield>
    <subfield code="r">2025-12-08</subfield>
    <subfield code="s">2025-10-16</subfield>
    <subfield code="w">2021-12-01</subfield>
    <subfield code="y">BK</subfield>
  </datafield>
</record>
